Rate Your Music (RYM) Top 100 Hip Hop Albums - Statistics

General Stats
  • This quiz has been taken 38 times
  • The average score is 46 of 100
Answer Stats
Artist Album % Correct
Kanye West My Beautiful Dark Twisted Fantasy
97%
Kanye West The College Dropout
97%
Kendrick Lamar To Pimp a Butterfly
97%
Kendrick Lamar Good Kid, M.A.A.D. City
94%
Nas Illmatic
94%
Kanye West Late Registration
94%
Kanye West Graduation
90%
Lauryn Hill The Miseducation of Lauryn Hill
90%
Outkast Aquemini
84%
Tyler, The Creator Flowerboy
84%
Madvillain Madvillainy
84%
Kanye West The Life of Pablo
84%
Wu-Tang Clan Enter the Wu-Tang (36 Chambers)
81%
KIDS SEE GHOSTS KIDS SEE GHOSTS
81%
MF DOOM Mm..Food
81%
Freddie Gibbs and Madlib Pinata
81%
A Tribe Called Quest The Low End Theory
81%
Kanye West Yeezus
81%
Kendrick Lamar Damn.
77%
J Dilla Donuts
77%
Genius/GZA Liquid Swords
77%
Travis Scott Rodeo
77%
The Notorious B.I.G. Ready to Die
74%
Jay-Z The Blueprint
74%
Outkast ATLiens
71%
Danny Brown Atrocity Exhibition
71%
Common Be
71%
Mos Def Black on Both Sides
71%
Snoop Doggy Dogg Doggystyle
71%
Kendrick Lamar Mr Morale & The Big Steppers
71%
Mobb Deep The Infamous
71%
Death Grips The Money Store
71%
JPEGMAFIA LP!
68%
Outkast Stankonia
68%
JID The Forever Story
68%
Pusha T Daytona
65%
Earl Sweatshirt Some Rap Songs
65%
JPEGMAFIA & Danny Brown Scaring the Hoes
61%
Dr. Dre The Chronic
61%
A Tribe Called Quest Midnight Marauders
58%
Jay-Z Reasonable Doubt
58%
Little Simz Sometimes I Might Be Introvert
58%
DJ Shadow Endtroducing.....
55%
Clipse Let God Sort Em Out
55%
Freddie Gibbs & Madlib Bandana
52%
Denzel Curry Melt My Eyez See Your Future
52%
Run the Jewels Run the Jewels 2
52%
MF DOOM Operation: Doomsday
45%
Denzel Curry TA13OO
45%
The Roots Things Fall Apart
45%
A Tribe Called Quest We Got It From Here… Thank You 4 Your Service
45%
Tyler, The Creator Call Me If You Get Lost
42%
Deltron 3030 Deltron 3030
42%
Public Enemy It Takes a Nation of Millions to Hold Us Back
42%
Nujabes Modal Soul
42%
Black Star Mos Def & Talib Kweli Are Black Star
42%
Ghostface Killah Supreme Clientele
42%
Clipse Hell Hath No Fury
39%
Death Grips Jenny Death
39%
Raekwon Only Built 4 Cuban Linx...
39%
JPEGMAFIA Veteran
39%
Danger Mouse & Black Thought Cheat Codes
35%
Death Grips N***s on the Moon: The Powers That B Disc 1
35%
Death Grips Bottomless Pit
32%
Injury Reserve By the Time I Get to Phoenix
32%
Billy Woods Golliwog
32%
McKinley Dixon Magic, Alive!
29%
Nujabes Metaphorical Music
29%
Viktor Vaughn Vaudeville Villain
29%
Billy Woods & Kenny Segal Hiding Places
26%
Billy Woods & Kenny Segal Maps
26%
Gang Starr Moment of Truth
23%
The Roots Game Theory
19%
Boldy James & Sterling Toles Manger on McNichols
19%
Billy Woods Aethiopes
16%
Ghostface Killah Ironman
16%
Lil Ugly Mane Mista Thug Isolation
16%
Beastie Boys Paul's Botique
16%
JPEGMAFIA All My Heroes Are Cornballs
13%
The Pharcyde Labcabincalifornia
13%
Big L Lifestylez ov da Poor & Dangerous
13%
Three-6 Mafia Mystic Stylez
13%
King Geedorah Take Me to Your Leader
13%
The Pharcyde Bizarre Ride II the Pharcyde
10%
Digable Planets Blowout Comb
10%
Dalek From Filthy Tongue of Gods and Griots
6%
UGK Ridin' Dirty
6%
Racionais MC's Sobrevivendo no inferno
6%
De La Soul Stakes Is High
6%
Cannibal Ox The Cold Vein
6%
Little Brother The Minstrel Show
6%
Gravediggaz 6 Feet Deep
3%
De La Soul Buhloone Mindstate
3%
Canserbero Muerte
3%
Organized Konfusion Stress: The Extinction Agenda
3%
Farazi y Kayra Hayalet Isligi
0%
Racionais MC's Nada como un dia apos o outra dia
0%
Tiro de Garcia Ser humano!!
0%
Mach-Hommy The Gospel According To...
0%
Yoko Ono / clipping. Visions of Bodies Being Burned
0%
No matching quizzes found
Score Distribution
Percent of People with Each Score
Percentile by Number Answered
Your Score History
You have not taken this quiz